000 00755nam a22001937a 4500
999 _c17020
_d17020
003 AR-CdUCM
008 190507b ||||| |||| 00| 0 spa d
040 _aMUNICIPALIDAD PROVINCIAL DEL CUSCO
_cBIBLIOTECA MUNICIPAL DEL CUSCO
082 _a133.8 /
_bS71
100 _aSorin, Miguel
_936830
245 _aLos fenómenos psíquicos/
260 _aBuenos Aires :
_bCartago,
_c1965.
300 _a174 paginas ;
_c19 cm.
505 _aContenido :¿Que es un fenómeno psíquico? --Los organismo sencillos tienen que hacerlo todo para vivir --La sensación --Aparece algo así como la conciencia --Formarse concepto de algo ...
650 _aFenómenos psíquicos
_932238
650 _aPsicologia
_91538
942 _2ddc
_cLIBROS
945 _arjall
_d2019-05-07